It's ok I'm ok - Tate McRae - Statistics

General Stats
  • This quiz has been taken 35 times
  • The average score is 323 of 396
Answer Stats
% Correct
a
100%
I
100%
it
100%
It's
100%
(It's
100%
it's
100%
okay,
100%
okay
100%
(Okay)
100%
okay)
100%
you
100%
You
100%
him
96%
him,
96%
him)
96%
I'm
96%
(I'm
96%
have
93%
the
93%
anyway
89%
Anyway
89%
(Anyway)
89%
anyway,
89%
anyway)
89%
can
89%
don't
89%
don't),
89%
don't)
89%
don't,
89%
first
89%
go
89%
got
89%
in
89%
"Oh,
89%
Oh,
89%
(Oh,
89%
oh,
89%
oh)
89%
He
85%
place
85%
Take
85%
take
85%
like
81%
like,
81%
No,
81%
she
81%
want
81%
(Want
81%
what
81%
baby,
78%
be
78%
"He's
78%
he's
78%
perfect"
78%
really
78%
so
78%
So,
78%
to
78%
And
74%
and
74%
did
74%
get
74%
out
74%
same
74%
say
74%
that
74%
that"
74%
You're
74%
yours
74%
been
70%
Before
70%
down
70%
excited
70%
found
70%
gotta
70%
his
70%
me
70%
position
70%
this
70%
version?"
70%
(yeah)
70%
yeah,
70%
yeah)
70%
(Yeah,
70%
girl,
67%
just
67%
mother
67%
movin'
67%
pretty
67%
See
67%
there
67%
with
67%
close
63%
Good
63%
money,
63%
now
63%
Now
63%
twisted
63%
"Fuck
59%
had
59%
make
59%
miss
59%
near
59%
nobody
59%
right
59%
faced
56%
I've
56%
nervous"
56%
(Nervous)
56%
talker
56%
locked
52%
one-sided
52%
romantic
52%
(Romantic)
52%
ain't
48%
"Ain't
48%
can't
48%
nothin'
48%
such
48%
Was
48%
seein'
44%
could
41%
(Way)
41%
(Way,
41%
way,
41%
way)
41%
(Sided)
33%
(Hey)
30%
Some
30%
some
30%
long
26%
months
26%
flights
22%
No matching quizzes found
Score Distribution
Percent of People with Each Score
Percentile by Number Answered
Your Score History
You have not taken this quiz